LEADER 01483nam a2200445 i 4500 001 991001342119707536 005 20020507191722.0 008 960919s1994 de ||| | eng 020 $a3540562591 035 $ab10834199-39ule_inst 035 $aLE01310810$9ExL 040 $aDip.to Matematica$beng 082 0 $a515.94 084 $aAMS 00A20 084 $aAMS 32-02 084 $aAMS 32A 084 $aAMS 32C 084 $aAMS 32C35 084 $aAMS 32F10 084 $aAMS 32F15 084 $aAMS 32J 084 $aAMS 32S20 084 $aAMS 32S45 084 $aAMS 55N30 100 1 $aGrauert, Hans$011924 245 10$aSeveral complex variables VII :$bsheaf-theoretical methods in complex analysis /$cH. Grauert, Th. Peternell, R. Remmert (eds.) 260 $aBerlin :$bSpringer-Verlag,$cc1994 300 $a369 p. ;$c24 cm 490 0 $aEncyclopaedia of mathematical sciences,$x0938-0396 ;$v74 500 $aIncludes bibliographical references and indexes 650 0$aFunctions of several complex variables 650 0$aSheaf theory 700 1 $aPeternell, Th. 700 1 $aRemmert, Reinhold 907 $a.b10834199$b23-02-17$c28-06-02 912 $a991001342119707536 945 $aLE013 00A20 EMS11 V.74 (1994)$cV. 74$g1$i2013000072050$lle013$o-$pE0.00$q-$rl$s- $t0$u0$v0$w0$x0$y.i10943511$z28-06-02 996 $aSeveral complex variables VII$9923609 997 $aUNISALENTO 998 $ale013$b01-01-96$cm$da $e-$feng$gde $h0$i1 LEADER 02905oam 2200697 c 450 001 9910959307503321 005 20260302090207.0 010 $a3-95743-744-X 024 3 $z9783957431875 035 $a(CKB)4100000011287312 035 $a(MiAaPQ)EBC6516923 035 $a(Au-PeEL)EBL6516923 035 $a(OCoLC)1243545896 035 $a(Brill | mentis)9783957437440 035 $a(EXLCZ)994100000011287312 100 $a20260302d2020 uy 0 101 0 $aeng 135 $aurcnu|||||||| 181 $ctxt$2rdacontent 182 $cc$2rdamedia 183 $acr$2rdacarrier 200 10$aActing together$eAn integrated account of joint action$fNicolas Lindner 205 $a1st ed. 210 $aPaderborn$cBrill | mentis$d2020 215 $a1 online resource (181 pages) $cillustrations 311 08$a3-95743-187-5 320 $aIncludes bibliographical references (pages [155]-169). 330 $aWithout joint action, man?s cultural, scientific and everyday achievements would be unthinkable. What special cognitive abilities make it possible for this to happen so often and in so many ways? Dancing, waging war, building a castle together in the sandbox - joint action is a central component of everyday life and the success of mankind. This ability is based on special socio-cognitive abilities, the scope and interplay of which characterize the human species. Literature often focuses on the large and complex forms of joint action.This book represents an attempt to present a philosophical reconstruction of joint action through an interdisciplinary investigation of small forms with few actors. This is suitable for explaining the behavior of children and adults, as well as for taking into account empirical results from related disciplines, especially developmental psychology. 606 $aSoziale Kognition 606 $akollektive Intentionalität 606 $asoziokognitive Fähigkeiten 606 $agemeinsames Handeln 606 $aKooperation 606 $aMichael Bratman 606 $aMichael Tomasello 606 $asocial cognition 606 $ashared agency 606 $acollective intentionality 606 $asociocognitive capacities 606 $acooperation 615 4$aSoziale Kognition 615 4$akollektive Intentionalität 615 4$asoziokognitive Fähigkeiten 615 4$agemeinsames Handeln 615 4$aKooperation 615 4$aMichael Bratman 615 4$aMichael Tomasello 615 4$asocial cognition 615 4$ashared agency 615 4$acollective intentionality 615 4$asociocognitive capacities 615 4$acooperation 676 $a128.4 700 $aLindner$b Nicolas$4aut$01820559 801 0$bMiAaPQ 801 1$bMiAaPQ 801 2$bMiAaPQ 906 $aBOOK 912 $a9910959307503321 996 $aActing together$94382832 997 $aUNINA